000 01283ny a22002773n 4500
005 20240305165323.0
008 100806s2010 sp r 000 0|spa d
020 _a978849836736
035 _a4985
040 _aBUS
_dvLex
090 _c957
_d957
100 1 _aMartínez Piñeiro, Eduardo
245 1 0 _aAnales de la Academia Sevillana del Notariado
_h[Recurso electrónico]
_pTomo 17:
_bConferencias del curso académico 2005-2006 /
_cEduardo Martínez Piñeiro, Guillermo J. Jiménez Sánchez
256 _aServicio en línea
260 _aSevilla :
_bAcademia Sevillana del Notariado,
_c2009
506 1 _aContenido solo disponible en los productos indicados
_dvLex Global
_dvLex Global (Academic Edition, excluding Law Schools)
_dvLex Global (U.S. Academic Edition, Law Schools)
_dvLex Global (U.S. Academic Edition, excluding Law Schools)
_dvLex Global (Academic Edition, Law Schools)
650 0 4 _aDerecho civil
_zEspaña
650 0 4 _aDerecho mercantil
_zEspaña
650 0 4 _aJurisdicción voluntaria
_zEspaña
650 0 4 _aNotariado
_zEspaña
700 1 _aJiménez Sánchez, Guillermo J.,
_ecoaut.
710 2 _aAcademia Sevillana del Notariado
740 0 _avLex Libros (Servicios en línea)
856 4 0 _uhttps://app.vlex.com/#/sources/4985
942 _cRAA
999 _c159464
_d159464